| 000 | 00626 a2200181 4500 | ||
|---|---|---|---|
| 999 |
_c6297 _d6297 |
||
| 020 | _a0908307187 | ||
| 050 | 0 | 0 | _aTX 360.255 RUK 1995 |
| 100 | 1 |
_aRukuni, Mandivamba _eauthor |
|
| 245 | 1 | 0 |
_aAlleviating hunger in Zimbabwe : _btowards a national food security strategy / _cM. Rukuni and T.S. Jayne |
| 264 |
_aZimbabwe: _bUniversity of Zimbabwe Publications, _c1995 |
||
| 300 |
_a62 p. : _bill. ; |
||
| 500 | _aIncludes bibliographical references | ||
| 504 | _aIncludes bibliographical references | ||
| 650 | 0 | _aFood relief | |
| 650 | 0 | _aFood supply | |
| 700 | 1 |
_aJayne, Thomas S. _eauthor |
|
| 942 |
_2lcc _cBK _h360.255 _iRUK _kTX |
||